000
00359nam a2200157Ia 4500
005
20250423095643.0
008
250422s9999 xx 000 0 und d
020
_a
0-141-02276-0
100
_a
Cherry Chappell
245
0
_a
How to Write Better Letters
260
_b
Penguin Books
260
_c
2006
300
_a
248 p
650
_a
English
942
_c
BK
999
_c
30927
_d
30927